[Event "DEM U12/U12w 2014"]
[Site "Magdeburg GER"]
[Date "2014.06.09"]
[Round "4"]
[White "Jahn, Felix"]
[Black "Weimert, Miriam"]
[Result "1-0"]
[Termination "normal"]
[Board "27"]
[WhiteElo "1517"]
[BlackElo "1562"]
[PlyCount "99"]
[WhiteFideId "12983632"]
[BlackFideId "12966703"]
[EventCountry "GER"]
[EventRounds "11"]
[EventType "swiss"]
[EventDate "2014.06.07"]

1. e4 e5 2. Nf3 Nf6 3. Nxe5 d6 4. Nf3 Nxe4 5. Nc3 Nxc3 6. dxc3 Be7 7. Bd3 Bg4
8. h3 Bh5 9. g4 Bg6 10. Be3 Bxd3 11. Qxd3 Nc6 12. h4 h5 13. g5 a6 14. Nd4 Qd7
15. Nxc6 Qxc6 16. O-O-O g6 17. f4 O-O-O 18. f5 Rhg8 19. f6 Bf8 20. Rhe1 Qa4 21.
Qd5 Qd7 22. Bf2 Rh8 23. Re2 Re8 24. Rxe8+ Qxe8 25. Re1 Qd7 26. c4 Qa4 27. Qe4
d5 28. Qe8+ Qxe8 29. Rxe8+ Kd7 30. Rb8 dxc4 31. Bc5 b6 32. Rxf8 Rxf8 33. Bxf8
a5 34. Kd2 Ke6 35. Kc3 Kf5 36. Kd4 Kg4 37. Ke4 Kxh4 38. Kf3 Kxg5 39. Be7 b5 40.
c3 h4 41. Bd8 h3 42. Bxc7 Kxf6 43. Bxa5 h2 44. Kg2 h1=Q+ 45. Kxh1 Kf5 46. Kg2
Ke4 47. b3 Kd3 48. Kf3 Kc2 49. bxc4 bxc4 50. Bb4 1-0

[Event "DEM U12/U12w 2014"]
[Site "Magdeburg GER"]
[Date "2014.06.09"]
[Round "4"]
[White "Staufenberger, Philipp"]
[Black "Flach, Helene"]
[Result "1-0"]
[Termination "normal"]
[Board "28"]
[WhiteElo "1620"]
[BlackElo "1657"]
[PlyCount "47"]
[WhiteFideId "12970883"]
[BlackFideId "12929735"]
[EventCountry "GER"]
[EventRounds "11"]
[EventType "swiss"]
[EventDate "2014.06.07"]

1. d4 d5 2. Nf3 c5 3. e3 e6 4. b3 Nc6 5. Bd3 Nf6 6. Nbd2 Be7 7. Bb2 O-O 8. O-O
Qc7 9. a3 a6 10. Ne5 b5 11. c4 bxc4 12. bxc4 Nxe5 13. dxe5 Nd7 14. f4 Qc6 15.
Rf3 f6 16. Rh3 f5 17. Qh5 h6 18. Qg6 Kh8 19. cxd5 Qxd5 20. Bc4 Qxd2 21. Bxe6
Nf6 22. exf6 Rxf6 23. Rxh6+ gxh6 24. Qg8# 1-0

[Event "DEM U12/U12w 2014"]
[Site "Magdeburg GER"]
[Date "2014.06.09"]
[Round "4"]
[White "Arnold, Leander"]
[Black "Liebeck, Eddie"]
[Result "0-1"]
[Termination "normal"]
[Board "29"]
[WhiteElo "1402"]
[BlackElo "1676"]
[PlyCount "74"]
[WhiteFideId "12990230"]
[BlackFideId "12945854"]
[EventCountry "GER"]
[EventRounds "11"]
[EventType "swiss"]
[EventDate "2014.06.07"]

1. d4 d5 2. Nf3 Nf6 3. e3 Bf5 4. c4 c6 5. Nc3 e6 6. Be2 h6 7. O-O Nbd7 8. c5
Be7 9. b4 O-O 10. a4 Qc7 11. Bb2 e5 12. Rc1 e4 13. Nd2 Kh8 14. f3 exf3 15. Nxf3
Ne4 16. Nd2 Nxc3 17. Bxc3 Bg6 18. Bf3 Rae8 19. Bh5 Bxh5 20. Qxh5 Kg8 21. Rfe1
Bg5 22. Qf3 Re7 23. Nf1 Rfe8 24. Bd2 Nf6 25. Rc2 Ne4 26. Bc1 Re6 27. g3 Bf6 28.
Ree2 Ng5 29. Qg2 Qe7 30. Rf2 Qd7 31. Rfe2 Bd8 32. a5 Rf6 33. Rf2 Nh3+ 34. Kh1
Nxf2+ 35. Rxf2 Ree6 36. Rxf6 Rxf6 37. Nd2 Qg4 0-1

[Event "DEM U12/U12w 2014"]
[Site "Magdeburg GER"]
[Date "2014.06.09"]
[Round "4"]
[White "Könze, Heike"]
[Black "Kirsten, Annika"]
[Result "0-1"]
[Termination "normal"]
[Board "30"]
[WhiteElo "1503"]
[BlackElo "1323"]
[PlyCount "60"]
[WhiteFideId "12964476"]
[BlackFideId "12961124"]
[EventCountry "GER"]
[EventRounds "11"]
[EventType "swiss"]
[EventDate "2014.06.07"]

1. e4 c5 2. Nc3 Nc6 3. f4 g6 4. Nf3 Bg7 5. Bb5 e6 6. Bxc6 bxc6 7. d3 Ne7 8. Bd2
O-O 9. O-O c4 10. d4 Qb6 11. Qc1 d5 12. Be3 Bd7 13. Rb1 dxe4 14. Nxe4 Nf5 15.
Qd2 Nxe3 16. Qxe3 Rfd8 17. c3 Rac8 18. Ne5 Be8 19. Nxc4 Qa6 20. Ncd6 Rb8 21.
Nxe8 Rxe8 22. a3 Rbd8 23. Nc5 Qc4 24. Qe4 Rd5 25. Rfc1 Rxc5 26. b3 Qd5 27. Qe2
Ra5 28. g4 Rf8 29. a4 Rb8 30. Qc2 Qf3 0-1

[Event "DEM U12/U12w 2014"]
[Site "Magdeburg GER"]
[Date "2014.06.09"]
[Round "4"]
[White "Gauchel, Verena"]
[Black "Ning, Felix"]
[Result "0-1"]
[Termination "normal"]
[Board "32"]
[WhiteElo "1273"]
[BlackElo "1491"]
[PlyCount "120"]
[WhiteFideId "12988537"]
[BlackFideId "12988553"]
[EventCountry "GER"]
[EventRounds "11"]
[EventType "swiss"]
[EventDate "2014.06.07"]

1. d4 d5 2. Nf3 Nf6 3. Bf4 e6 4. e3 Bd6 5. Ne5 Nbd7 6. Nd3 O-O 7. Nd2 Re8 8.
Be2 e5 9. Bg5 h6 10. Bh4 e4 11. Nc1 Nb6 12. c4 c6 13. c5 g5 14. Bg3 Bxg3 15.
hxg3 Nbd7 16. Rxh6 Kg7 17. Rh1 Rh8 18. Rxh8 Qxh8 19. Bf1 b6 20. b4 a5 21. bxa5
bxc5 22. dxc5 Nxc5 23. Ncb3 Nb7 24. a6 Nd8 25. Nc5 Qh1 26. Qa4 Qg1 27. Ke2 Ng4
28. Re1 Qxf2+ 29. Kd1 Nxe3+ 30. Rxe3 Qxe3 31. Ncb3 Bxa6 32. Bxa6 Qb6 33. Qa3
Rxa6 34. Qb2+ f6 35. Kc2 c5 36. g4 Ne6 37. g3 Nd4+ 38. Nxd4 Qxb2+ 39. Kxb2 cxd4
40. Nb3 d3 41. Kc3 Rxa2 42. Nd2 Kg6 43. Nf1 Rf2 44. Nd2 e3 45. Kxd3 exd2 46.
Kc2 d4 47. Kd1 f5 48. gxf5+ Kxf5 49. Kc2 Kg4 50. Kd1 Kxg3 51. Kc2 Kf3 52. Kd1
Ke3 53. Kc2 d3+ 54. Kc3 d1=N+ 55. Kc4 Nb2+ 56. Kd5 d2 57. Ke5 d1=Q 58. Ke6 Nc4
59. Ke7 Qd6+ 60. Ke8 Rf8# 0-1

[Event "DEM U12/U12w 2014"]
[Site "Magdeburg GER"]
[Date "2014.06.09"]
[Round "4"]
[White "Lesny, Florian"]
[Black "Leimbach, Tim Vincent"]
[Result "1-0"]
[Termination "normal"]
[Board "33"]
[WhiteElo "1549"]
[BlackElo "1284"]
[PlyCount "109"]
[WhiteFideId "12973874"]
[BlackFideId "12988600"]
[EventCountry "GER"]
[EventRounds "11"]
[EventType "swiss"]
[EventDate "2014.06.07"]

1. e4 c5 2. Nf3 Nc6 3. d4 cxd4 4. Nxd4 Qb6 5. Nb3 Nf6 6. Nc3 g6 7. Be3 Qc7 8.
Be2 Bg7 9. Qd2 Nb4 10. a3 Nc6 11. f4 d6 12. h3 Be6 13. Nd4 Nxd4 14. Bxd4 a6 15.
O-O O-O 16. Kh1 Qc8 17. Qd3 b5 18. b3 Rd8 19. Kh2 Qc7 20. Qe3 Rdc8 21. Rfc1 Ne8
22. Bxg7 Nxg7 23. Nd1 Qc5 24. b4 Qxe3 25. Nxe3 Rc6 26. Bf3 Rb6 27. Rd1 Rc8 28.
Rac1 Rc7 29. Rd3 Rb8 30. Rd2 Rbc8 31. Be2 Ne8 32. Bd3 Nf6 33. g4 Bd7 34. e5
dxe5 35. fxe5 Ne8 36. Nd5 Be6 37. Nxc7 Rxc7 38. Ra1 Bc4 39. Rc1 Kg7 40. Kg3 Rd7
41. Rcd1 Rc7 42. Bxc4 Rxc4 43. Re2 Rc3+ 44. Rd3 Rc6 45. Kg2 Nc7 46. Rd7 Ne6 47.
Rf2 Kf8 48. Rd3 Rxc2 49. Rxc2 Nf4+ 50. Kf3 Nxd3 51. Ke4 Ne1 52. Re2 f5+ 53.
gxf5 gxf5+ 54. Ke3 f4+ 55. Ke4 1-0

[Event "DEM U12/U12w 2014"]
[Site "Magdeburg GER"]
[Date "2014.06.09"]
[Round "4"]
[White "Du, Jessica"]
[Black "Voß, Henrike"]
[Result "0-1"]
[Termination "normal"]
[Board "34"]
[WhiteElo "1241"]
[BlackElo "1456"]
[PlyCount "126"]
[WhiteFideId "12988529"]
[BlackFideId "12971910"]
[EventCountry "GER"]
[EventRounds "11"]
[EventType "swiss"]
[EventDate "2014.06.07"]

1. e4 c5 2. Nf3 Nc6 3. d4 cxd4 4. Nxd4 g6 5. Nc3 Bg7 6. Be3 Nf6 7. f3 O-O 8.
Qd2 d5 9. exd5 Nxd5 10. Nxd5 Qxd5 11. Nxc6 Qxc6 12. c3 Be6 13. Bd3 Rfd8 14. Qc2
Bc4 15. Bxc4 Qxc4 16. Bd2 Qe6+ 17. Qe4 Qxe4+ 18. fxe4 Rd3 19. Rd1 Rad8 20. Ke2
R3d6 21. Be3 b6 22. Rd2 Rxd2+ 23. Bxd2 Rd6 24. Bf4 Re6 25. Kd3 Be5 26. Bxe5
Rxe5 27. Re1 f5 28. g3 Kf7 29. Re3 e6 30. b4 Ke7 31. a4 Kd6 32. exf5 Rxe3+ 33.
Kxe3 gxf5 34. Kf4 h6 35. g4 fxg4 36. Kxg4 Kd5 37. Kf4 e5+ 38. Ke3 Kc4 39. Ke4
Kxc3 40. Kxe5 Kxb4 41. Kf6 Kxa4 42. Kg6 b5 43. Kxh6 b4 44. h4 b3 45. h5 b2 46.
Kg7 b1=Q 47. h6 Qb7+ 48. Kg6 Qc6+ 49. Kg7 Qd7+ 50. Kg6 Qe6+ 51. Kg7 Qxh6+ 52.
Kxh6 a5 53. Kg5 Kb3 54. Kf4 a4 55. Ke3 a3 56. Ke4 a2 57. Ke5 a1=Q+ 58. Kd5 Qe1
59. Kd4 Qe6 60. Kd3 Qe5 61. Kd2 Qe4 62. Kc1 Qe2 63. Kb1 Qd1# 0-1

[Event "DEM U12/U12w 2014"]
[Site "Magdeburg GER"]
[Date "2014.06.09"]
[Round "4"]
[White "Hüls, Maximilian"]
[Black "Kose, Robert Paul"]
[Result "1-0"]
[Termination "normal"]
[Board "35"]
[WhiteElo "1638"]
[BlackElo "1267"]
[PlyCount "91"]
[WhiteFideId "12949698"]
[BlackFideId "12982067"]
[EventCountry "GER"]
[EventRounds "11"]
[EventType "swiss"]
[EventDate "2014.06.07"]

1. e4 e5 2. Nc3 Nc6 3. Nf3 Nf6 4. d4 exd4 5. Nxd4 Bb4 6. Nxc6 bxc6 7. Bd3 d5 8.
exd5 cxd5 9. O-O O-O 10. Bg5 h6 11. Bxf6 Qxf6 12. Nxd5 Qd6 13. h3 Rb8 14. Nxb4
Qxb4 15. b3 Bb7 16. Qe1 Qc5 17. Rd1 Rfe8 18. Qd2 Rbd8 19. Rfe1 Rxe1+ 20. Rxe1
Qd5 21. f3 Ba6 22. Re8+ Rxe8 23. Bh7+ Kxh7 24. Qxd5 Re7 25. Qa5 Be2 26. Qxa7
Bd1 27. Qc5 Re1+ 28. Kh2 Re2 29. Qb5 Rd2 30. a4 Bxc2 31. a5 Bd3 32. Qa4 Bf1 33.
Qa1 Bd3 34. a6 Be2 35. Kg3 Rd6 36. a7 Ra6 37. Qxa6 Bxa6 38. a8=Q Bd3 39. Qd5
Bg6 40. Qc4 Bb1 41. Qxf7 Ba2 42. Qxc7 Bxb3 43. Qd6 Bc2 44. f4 Bg6 45. Qe6 Bh5
46. Kf2 1-0

[Event "DEM U12/U12w 2014"]
[Site "Magdeburg GER"]
[Date "2014.06.09"]
[Round "4"]
[White "Wenzel, Calvin"]
[Black "Kurzweil, Naemi"]
[Result "1-0"]
[Termination "normal"]
[Board "36"]
[WhiteElo "1432"]
[BlackElo "1231"]
[PlyCount "81"]
[WhiteFideId "12973920"]
[BlackFideId "12985708"]
[EventCountry "GER"]
[EventRounds "11"]
[EventType "swiss"]
[EventDate "2014.06.07"]

1. e4 c5 2. Nc3 Nc6 3. Bb5 a6 4. Bxc6 dxc6 5. Nf3 Bg4 6. a4 Qc7 7. d3 e5 8. a5
Nf6 9. Be3 Be7 10. h3 Be6 11. Ng5 Qd7 12. Na4 Qc7 13. Nxe6 fxe6 14. Nxc5 Qd6
15. Nb3 Qb4+ 16. Qd2 Qd6 17. Bc5 Qd7 18. Bxe7 Qxe7 19. Qc3 Qc7 20. Nc5 Qd6 21.
Nxb7 Qe7 22. Qxc6+ Kf7 23. Nd6+ Kg6 24. Nc4 Qb4+ 25. c3 Qb8 26. Qxe6 Rd8 27.
Nxe5+ Kh6 28. Nf7+ Kg6 29. Nxd8 Qxd8 30. Qc4 Rb8 31. Qxa6 Rxb2 32. e5 Qc7 33.
O-O Qxe5 34. d4 Qg5 35. Qd3+ Kh6 36. Qe3 Qxe3 37. fxe3 Ne4 38. a6 Rb8 39. a7
Ra8 40. Rfb1 Nxc3 41. Rb8 1-0

[Event "DEM U12/U12w 2014"]
[Site "Magdeburg GER"]
[Date "2014.06.09"]
[Round "4"]
[White "Bosselmann, Tom Linus"]
[Black "Reuker, Ronja"]
[Result "1/2-1/2"]
[Termination "normal"]
[Board "37"]
[WhiteElo "1430"]
[BlackElo "945"]
[PlyCount "147"]
[WhiteFideId "12983845"]
[BlackFideId "12947172"]
[EventCountry "GER"]
[EventRounds "11"]
[EventType "swiss"]
[EventDate "2014.06.07"]

1. c4 f5 2. Nc3 e5 3. g3 Nf6 4. Bg2 Bb4 5. a3 Bxc3 6. bxc3 Nc6 7. e3 d6 8. d4
e4 9. Ne2 Bd7 10. Nf4 O-O 11. O-O Na5 12. Bb2 Nxc4 13. Qb3 b5 14. a4 Kh8 15.
Bc1 c6 16. axb5 cxb5 17. Rd1 d5 18. Ba3 Re8 19. Bc5 a5 20. Bf1 Bc6 21. Bxc4
bxc4 22. Qb6 Qxb6 23. Bxb6 a4 24. Bc5 Rab8 25. Bb4 g5 26. Ng2 Rg8 27. Be7 Nh5
28. Bb4 f4 29. Bd6 Rb3 30. Be5+ Ng7 31. exf4 gxf4 32. Nxf4 Rxc3 33. Ne6 Rb3 34.
Rdb1 h6 35. Bxg7+ Rxg7 36. Nxg7 Kxg7 37. Kf1 Rd3 38. Rd1 Kf6 39. Ke2 Kf5 40. h3
Rb3 41. Rd2 Bb5 42. Kd1 c3 43. Rc2 Bd3 44. Rxa4 Bxc2+ 45. Kxc2 Rb2+ 46. Kxc3
Rxf2 47. Ra8 Rf3+ 48. Kd2 Rxg3 49. Rd8 Ke6 50. Re8+ Kd7 51. Re5 Kd6 52. Rh5
Rd3+ 53. Ke2 Rxd4 54. Rxh6+ Ke5 55. h4 Kf5 56. h5 Kg5 57. Rh8 Ra4 58. Re8 Kxh5
59. Re5+ Kg4 60. Rxd5 Kf4 61. Rd8 Ra2+ 62. Ke1 Ke3 63. Kd1 Kf4 64. Rf8+ Ke3 65.
Rd8 Ra1+ 66. Kc2 Re1 67. Rh8 Kf2 68. Rh2+ Kg3 69. Kd2 Rf1 70. Ke2 Rf3 71. Rh8
Ra3 72. Rg8+ Kh2 73. Rh8+ Kg2 74. Rg8+ 1/2-1/2

[Event "DEM U12/U12w 2014"]
[Site "Magdeburg GER"]
[Date "2014.06.09"]
[Round "4"]
[White "Paulweber, Lara Maria"]
[Black "Kukulina, Sonja"]
[Result "1-0"]
[Termination "normal"]
[Board "38"]
[WhiteElo "1386"]
[BlackElo "1162"]
[PlyCount "143"]
[WhiteFideId "12954411"]
[BlackFideId "12977047"]
[EventCountry "GER"]
[EventRounds "11"]
[EventType "swiss"]
[EventDate "2014.06.07"]

1. e4 e5 2. Nf3 Nc6 3. d4 exd4 4. Nxd4 Qf6 5. Be3 Bc5 6. c3 Nge7 7. g3 d6 8.
Bg2 O-O 9. O-O b6 10. Qd2 h6 11. Nb5 Bb7 12. Bxc5 dxc5 13. Nxc7 Rac8 14. Nd5
Nxd5 15. exd5 Rcd8 16. Qc2 Ne7 17. d6 Bxg2 18. dxe7 Qf3 19. exf8=Q+ Kxf8 20.
Nd2 Qc6 21. f3 Bxf1 22. Rxf1 Qd5 23. Nb3 c4 24. Nd4 b5 25. Rd1 Kg8 26. Re1 b4
27. Qa4 a5 28. Re8+ Rxe8 29. Qxe8+ Kh7 30. Qe4+ Qxe4 31. fxe4 Kg6 32. cxb4 axb4
33. Nc6 c3 34. bxc3 bxc3 35. Nb4 Kf6 36. Kf2 Ke5 37. Ke3 f5 38. exf5 Kxf5 39.
h3 g5 40. a4 Ke5 41. Nc2 h5 42. a5 Kd5 43. a6 Kc6 44. a7 Kb7 45. h4 gxh4 46.
gxh4 Kxa7 47. Kd3 Kb7 48. Kxc3 Kc7 49. Kd4 Kd6 50. Ke4 Ke6 51. Ne1 Kf6 52. Ng2
Kg6 53. Nf4+ Kh6 54. Kf3 Kg7 55. Nxh5+ Kh6 56. Kg4 Kg6 57. Nf4+ Kh6 58. h5 Kg7
59. Ne6+ Kh6 60. Nd8 Kg7 61. Kg5 Kh7 62. h6 Kg8 63. Kg6 Kh8 64. Nf7+ Kg8 65.
h7+ Kf8 66. h8=Q+ Ke7 67. Qf6+ Kd7 68. Qd6+ Kc8 69. Qe7 Kb8 70. Qd7 Ka8 71. Nd6
Kb8 72. Qb7# 1-0

[Event "DEM U12/U12w 2014"]
[Site "Magdeburg GER"]
[Date "2014.06.09"]
[Round "4"]
[White "Petrow, Jonas"]
[Black "Wastian, Mareike"]
[Result "1/2-1/2"]
[Termination "normal"]
[Board "39"]
[WhiteElo "1220"]
[BlackElo "1571"]
[PlyCount "76"]
[WhiteFideId "12991805"]
[BlackFideId "12947423"]
[EventCountry "GER"]
[EventRounds "11"]
[EventType "swiss"]
[EventDate "2014.06.07"]

1. d4 d5 2. e3 e6 3. Bd3 c5 4. c3 Nf6 5. f4 Nc6 6. Nf3 Be7 7. O-O b6 8. Nbd2
Bb7 9. Ne5 Qc8 10. Ndf3 Qc7 11. Ng5 Nd8 12. Bb5+ Kf8 13. Bd3 h6 14. Ngf3 Ke8
15. g4 Nc6 16. Rf2 Bd6 17. Rg2 Ke7 18. g5 Nd7 19. gxh6 gxh6 20. Qe1 Rhg8 21.
Qf2 Raf8 22. Kh1 Qc8 23. Bd2 Rxg2 24. Qxg2 Rg8 25. Qf2 Nf6 26. Rg1 Qf8 27. Be1
Rg7 28. Qf1 Ke8 29. Bb5 cxd4 30. Nxc6 dxe3 31. Na5+ Ke7 32. Nxb7 Bxf4 33. Bg3
Bxg3 34. Rxg3 Ne4 35. Rxg7 Qxg7 36. Qg2 Qf6 37. Kg1 Qf5 38. Nd4 Qh5 1/2-1/2

[Event "DEM U12/U12w 2014"]
[Site "Magdeburg GER"]
[Date "2014.06.09"]
[Round "4"]
[White "Rapp, Lukas"]
[Black "Schäfer, Nicolas"]
[Result "1-0"]
[Termination "normal"]
[Board "40"]
[WhiteElo "1216"]
[BlackElo "1337"]
[PlyCount "73"]
[WhiteFideId "12989320"]
[BlackFideId "12988901"]
[EventCountry "GER"]
[EventRounds "11"]
[EventType "swiss"]
[EventDate "2014.06.07"]

1. d4 c5 2. e3 d5 3. g3 Nc6 4. Ne2 Nf6 5. Bg2 g6 6. O-O Bg7 7. b3 O-O 8. c4 e6
9. Nbc3 a6 10. Ba3 Nd7 11. cxd5 exd5 12. Nxd5 b5 13. Rb1 Re8 14. dxc5 Bb7 15.
Nb4 Rc8 16. Nxc6 Bxc6 17. b4 Bxg2 18. Kxg2 a5 19. Rc1 axb4 20. Bxb4 Qc7 21. Qd6
Qa7 22. Rfd1 Rcd8 23. a3 Re6 24. Qd5 Ree8 25. c6 Nf8 26. Qxd8 Rxd8 27. Rxd8 Qc7
28. Re8 h5 29. Re7 Qc8 30. c7 Bf6 31. Re8 Qxe8 32. c8=Q Qxc8 33. Rxc8 Bg7 34.
Rb8 f5 35. Rxb5 Kh7 36. Bxf8 Bxf8 37. a4 1-0

[Event "DEM U12/U12w 2014"]
[Site "Magdeburg GER"]
[Date "2014.06.09"]
[Round "4"]
[White "Bierfreund, Trine Maja"]
[Black "Wurst, Benedikt"]
[Result "0-1"]
[Termination "normal"]
[Board "41"]
[WhiteElo "1288"]
[BlackElo "1403"]
[PlyCount "92"]
[WhiteFideId "12957372"]
[BlackFideId "12991791"]
[EventCountry "GER"]
[EventRounds "11"]
[EventType "swiss"]
[EventDate "2014.06.07"]

1. e4 e5 2. Nf3 Nc6 3. Bc4 Bc5 4. c3 Nf6 5. d3 O-O 6. O-O h6 7. Nbd2 Re8 8. Re1
d6 9. Nf1 Be6 10. Bb3 a6 11. Ng3 Qd7 12. Bxe6 Rxe6 13. d4 exd4 14. cxd4 Bb4 15.
d5 Bxe1 16. dxe6 Bxf2+ 17. Kxf2 Qxe6 18. Qe2 Re8 19. Nd2 d5 20. Kg1 dxe4 21.
Nc4 Nd4 22. Qf1 Nc2 23. Rb1 Nd5 24. Qd1 Ncb4 25. a3 Nd3 26. Be3 b5 27. Nd2 Nxe3
28. Qe2 Qb6 29. Ndxe4 Ng4+ 30. Kh1 Ngf2+ 31. Nxf2 Nxf2+ 32. Qxf2 Qxf2 33. Rg1
Re1 34. Ne2 Rxe2 35. h3 Re1 36. Rxe1 Qxe1+ 37. Kh2 Qe5+ 38. Kh1 Qxb2 39. Kh2 c5
40. Kh1 c4 41. h4 c3 42. a4 c2 43. axb5 c1=Q+ 44. Kh2 Qf4+ 45. Kh3 Qc3+ 46. g3
Qcxg3# 0-1

[Event "DEM U12/U12w 2014"]
[Site "Magdeburg GER"]
[Date "2014.06.09"]
[Round "4"]
[White "Wienhold, Nadine"]
[Black "Berelowitsch, Dana"]
[Result "1/2-1/2"]
[Termination "normal"]
[Board "43"]
[WhiteElo "1342"]
[BlackElo "1102"]
[PlyCount "83"]
[WhiteFideId "12964514"]
[BlackFideId "12977144"]
[EventCountry "GER"]
[EventRounds "11"]
[EventType "swiss"]
[EventDate "2014.06.07"]

1. e4 d5 2. exd5 Qxd5 3. Nc3 Qa5 4. d4 Nf6 5. Bd2 Nc6 6. Bb5 Bd7 7. Nf3 O-O-O
8. Qe2 Nb4 9. Rc1 Nxa2 10. Bxd7+ Rxd7 11. Ra1 Nxc3 12. Rxa5 Nxe2 13. Kxe2 a6
14. c4 e6 15. b4 Ne4 16. Ra4 Be7 17. Rd1 Bf6 18. Be1 Rhd8 19. Ke3 Nd6 20. b5
Nf5+ 21. Ke2 Nxd4+ 22. Nxd4 Rxd4 23. Rxd4 Rxd4 24. bxa6 bxa6 25. Rxa6 Rxc4 26.
Ra8+ Kd7 27. g3 Rc5 28. Rf8 Ke7 29. Rh8 Rh5 30. h4 h6 31. Bb4+ c5 32. Bd2 Rd5
33. Ra8 Rd8 34. Ra7+ Rd7 35. Ra5 c4 36. Rc5 Rd4 37. Bb4 Kd7 38. Ke3 Rd3+ 39.
Ke2 Rd4 40. Ke3 Rd3+ 41. Ke2 Rd4 42. Ke3 1/2-1/2

[Event "DEM U12/U12w 2014"]
[Site "Magdeburg GER"]
[Date "2014.06.09"]
[Round "4"]
[White "Svane, Freja"]
[Black "Eulitz, Charlotte"]
[Result "0-1"]
[Termination "normal"]
[Board "44"]
[WhiteElo "1031"]
[BlackElo "1191"]
[PlyCount "94"]
[WhiteFideId "12940100"]
[BlackFideId "12964654"]
[EventCountry "GER"]
[EventRounds "11"]
[EventType "swiss"]
[EventDate "2014.06.07"]

1. e4 e5 2. Nf3 Nc6 3. Bb5 a6 4. Ba4 Nf6 5. d3 b5 6. Bb3 Be7 7. O-O d6 8. c3
O-O 9. Bg5 Na5 10. Bc2 c5 11. Nbd2 Nc6 12. Re1 Be6 13. Nf1 Qc7 14. Ng3 Rad8 15.
Qe2 Rfe8 16. Nh4 h6 17. Bxf6 Bxf6 18. Nhf5 Ne7 19. Qg4 Nxf5 20. Nxf5 Bxf5 21.
Qxf5 Qd7 22. Qf3 d5 23. Rad1 Qc6 24. Re3 d4 25. Re2 c4 26. Ra1 dxc3 27. bxc3
cxd3 28. Bxd3 Qxc3 29. Rd1 Rd4 30. Rc2 Qa3 31. Rdc1 Qxd3 32. Qg4 Rxe4 33. Qf5
Qxc2 34. Rf1 Rc8 35. h3 Rf4 36. Qd7 Rd4 37. Qb7 Qc6 38. Qa7 Ra8 39. Qxa8+ Qxa8
40. Rc1 Qd8 41. Rf1 Rd1 42. g4 Qd2 43. a3 Qe2 44. h4 Qxf1+ 45. Kh2 Rd2 46. Kg3
Qxf2+ 47. Kh3 Qg2# 0-1

[Event "DEM U12/U12w 2014"]
[Site "Magdeburg GER"]
[Date "2014.06.09"]
[Round "4"]
[White "Weiten, Teresa"]
[Black "Wolterink, Jule"]
[Result "0-1"]
[Termination "normal"]
[Board "45"]
[WhiteElo "1137"]
[BlackElo "943"]
[PlyCount "88"]
[WhiteFideId "12971944"]
[BlackFideId "12981206"]
[EventCountry "GER"]
[EventRounds "11"]
[EventType "swiss"]
[EventDate "2014.06.07"]

1. e4 e6 2. d4 d5 3. exd5 exd5 4. c4 c6 5. Nc3 Be6 6. Nf3 Bd6 7. Be2 Nd7 8. O-O
Ne7 9. Bg5 Qc7 10. Re1 O-O 11. Rc1 dxc4 12. Qd2 Rfe8 13. Bd1 Bg4 14. Ne4 Bf5
15. Rxc4 Ng6 16. Bc2 b5 17. Nxd6 Qxd6 18. Rc3 Bxc2 19. Rxc2 Nf6 20. Rc3 Ne4 21.
Qd3 Nxc3 22. bxc3 Rxe1+ 23. Nxe1 Re8 24. Nf3 Nf4 25. Qf5 Ne2+ 26. Kf1 Nxc3 27.
Bf4 Qf6 28. Qd3 Nxa2 29. Bg5 Qg6 30. Qb3 Nc1 31. Bxc1 Qe6 32. Qa3 Qc4+ 33. Kg1
Qxd4 34. Qb3 Qc4 35. Qd1 a5 36. Ne5 Qd5 37. Qxd5 cxd5 38. Nd3 b4 39. Kf1 b3 40.
Nc5 Rc8 41. Nd3 Rxc1+ 42. Nxc1 b2 43. Nd3 b1=Q+ 44. Ne1 a4 0-1

[Event "DEM U12/U12w 2014"]
[Site "Magdeburg GER"]
[Date "2014.06.09"]
[Round "4"]
[White "Fricke, Edna Marlene"]
[Black "Albert, Eske"]
[Result "0-1"]
[Termination "normal"]
[Board "46"]
[WhiteElo "1081"]
[BlackElo "893"]
[PlyCount "102"]
[WhiteFideId "12988839"]
[BlackFideId "12991813"]
[EventCountry "GER"]
[EventRounds "11"]
[EventType "swiss"]
[EventDate "2014.06.07"]

1. e4 e5 2. Nf3 Nc6 3. Bc4 Bc5 4. c3 Nf6 5. d4 exd4 6. cxd4 Bb4+ 7. Nc3 Nxe4 8.
O-O Bxc3 9. d5 Ne5 10. bxc3 Nxc4 11. Re1 Ncd6 12. c4 c5 13. Ba3 b6 14. Rxe4+
Nxe4 15. Qe2 Qe7 16. Re1 f5 17. Nh4 Qxh4 18. g4 Qxg4+ 19. Qxg4 fxg4 20. Rxe4+
Kf7 21. Rxg4 d6 22. Rf4+ Kg6 23. h4 Bd7 24. Bc1 h5 25. f3 a6 26. Re4 Kf5 27.
Re7 Rad8 28. Rxg7 Rhg8 29. Rg2 Rxg2+ 30. Kxg2 b5 31. cxb5 Bxb5 32. Kg3 Bc4 33.
a3 Bxd5 34. f4 Rg8+ 35. Kf2 Rg4 36. a4 Be4 37. Ke2 d5 38. a5 c4 39. Kd2 Rxf4
40. Kc3 Rxh4 41. Kb4 d4 42. Kxc4 Rg4 43. Kxd4 h4 44. Ba3 Rg6 45. Bc5 h3 46. Kc4
h2 47. Be7 h1=Q 48. Kc5 Qc1+ 49. Kb4 Rg2 50. Bg5 Rb2+ 51. Ka4 Qa1# 0-1

[Event "DEM U12/U12w 2014"]
[Site "Magdeburg GER"]
[Date "2014.06.09"]
[Round "4"]
[White "Kemke, Annabelle"]
[Black "Leib, Amina"]
[Result "0-1"]
[Termination "normal"]
[Board "47"]
[WhiteElo "855"]
[BlackElo "1076"]
[PlyCount "56"]
[WhiteFideId "12991821"]
[BlackFideId "12982970"]
[EventCountry "GER"]
[EventRounds "11"]
[EventType "swiss"]
[EventDate "2014.06.07"]

1. e4 e5 2. Nf3 Nc6 3. Bc4 Nf6 4. d4 exd4 5. O-O Bc5 6. e5 Ng4 7. Bxf7+ Kxf7 8.
Ng5+ Kg8 9. Qxg4 Nxe5 10. Qg3 d6 11. f4 Nc4 12. Qh4 d3+ 13. Qf2 Bxf2+ 14. Rxf2
dxc2 15. Rxc2 b5 16. b3 Nb6 17. Bb2 Qe7 18. Nc3 Qe3+ 19. Kh1 Bb7 20. Rf1 Re8
21. Re2 Qxe2 22. Nxe2 Rxe2 23. Nf3 Bxf3 24. gxf3 Rxb2 25. f5 Kf7 26. f4 Re8 27.
h4 Ree2 28. Rg1 Rh2# 0-1

[Event "DEM U12/U12w 2014"]
[Site "Magdeburg GER"]
[Date "2014.06.13"]
[Round "10"]
[White "Rockmann, Jan-Okke"]
[Black "Renger, Niklas"]
[Result "1-0"]
[Termination "normal"]
[Board "1"]
[WhiteElo "1873"]
[BlackElo "1794"]
[WhiteClock "00:34:22"]
[BlackClock "00:00:48"]
[PlyCount "81"]
[WhiteFideId "12942111"]
[BlackFideId "12908096"]
[EventCountry "GER"]
[EventRounds "11"]
[EventType "swiss"]
[EventDate "2014.06.07"]

1. e4 c5 2. Nf3 d6 3. d4 cxd4 4. Nxd4 Nf6 5. Nc3 g6 6. Be2 Bg7 7. O-O O-O 8.
Bg5 Nc6 9. Nb3 Be6 10. Re1 Rc8 11. Bf1 Na5 12. Nd5 Bxd5 13. exd5 Nc4 14. Bxc4
Rxc4 15. Qd3 Rc8 16. Re2 Re8 17. Rae1 Rc7 18. c3 h6 19. Bxf6 Bxf6 20. Qe3 h5
21. Qxa7 b5 22. Qb6 Qd7 23. a3 Rb7 24. Qe3 Rc7 25. Qd3 Rb8 26. h3 Rcc8 27. Nd4
Rc5 28. Nc6 Re8 29. Qf3 Kg7 30. Nb4 Qb7 31. Nd3 Rc4 32. Nb4 Qc7 33. Re4 Rc8 34.
Qd3 Rxe4 35. Rxe4 Qc5 36. Kf1 Kg8 37. Nc6 Rc7 38. Rb4 Rb7 39. a4 e6 40. Rxb5
Rxb5 41. Qxb5 1-0

[Event "DEM U12/U12w 2014"]
[Site "Magdeburg GER"]
[Date "2014.06.13"]
[Round "10"]
[White "Engel, Luis"]
[Black "Biastoch, Bennet"]
[Result "1-0"]
[Termination "normal"]
[Board "2"]
[WhiteElo "1982"]
[BlackElo "1754"]
[WhiteClock "00:11:38"]
[BlackClock "00:08:12"]
[PlyCount "101"]
[WhiteFideId "12961523"]
[BlackFideId "12939889"]
[EventCountry "GER"]
[EventRounds "11"]
[EventType "swiss"]
[EventDate "2014.06.07"]

1. d4 Nf6 2. c4 g6 3. Nc3 Bg7 4. e4 d6 5. f4 O-O 6. Nf3 c5 7. d5 e6 8. Be2 Re8
9. dxe6 fxe6 10. O-O a6 11. h3 b6 12. Qc2 Qc7 13. Be3 Bb7 14. Rad1 Nc6 15. Rd2
Rad8 16. Rfd1 Rd7 17. Bf2 e5 18. fxe5 dxe5 19. Rxd7 Nxd7 20. Nd5 Qb8 21. Bh4
Nd4 22. Qd2 b5 23. Bg3 Qa7 24. cxb5 axb5 25. Nc7 Rc8 26. Nxd4 cxd4 27. Nxb5 Qb6
28. Bd3 Bxe4 29. Bxe4 Qxb5 30. Rc1 Rxc1+ 31. Qxc1 Qc5 32. Qg5 Qb6 33. Bd5+ Kf8
34. Qd2 Nf6 35. Bb3 e4 36. Kh2 e3 37. Qd3 Qc6 38. Qxd4 Ne4 39. Qb4+ Nc5 40.
Qb8+ Ke7 41. Qa7+ Nd7 42. Qxe3+ Kd8 43. Bf7 Nc5 44. b3 Bf6 45. Bc4 Nd7 46. a4
Be7 47. Qd3 Bb4 48. Bb5 Qb7 49. Qd4 Bc5 50. Bh4+ Kc8 51. Bxd7+ 1-0